000 00290nam a2200133 i 4500
001 bg
100 1 _aKOKKEDE, JA.
245 0 _aTeorija kvarkov /
_cJa. Kokkede.
260 _aMoskva,
_c1971.
040 _cBPK
041 _apol
942 _cKS
008 s pl f |000 0 pol
999 _c14138
_d14138
856 _uhttp://koha.tu.koszalin.pl/cgi-bin/koha/opac-detail.pl?biblionumber=14138
_yKatalog online BPK